000 00443nam a2200169Ia 4500
008 131103s9999 xx 000 0 und d
040 _aLoreto College
041 _aEnglish
082 _aF/ORW
_bLCLIB/13694
100 _aOrwell,George
245 _aAnimal Farm
_b a fairy story
_cGeorge Orwell
260 _aLondon
_bSecker & Warburg
_c1945
300 _a92 p.
_c 19 cm.
650 _aFiction in English
850 _aLCLIB
942 _cBK
999 _c16672
_d67151